000 01115nas a2200313 4500
001 BR9201609
003 BR-BrBNA
005 20231205092426.0
007 ta
008 230509b bl.|||p| |||| 00| 00por d
040 _aBR-BrBNA
_bpor
_cBiblioteca Nacional de Agricultura
041 _a(Pt)
072 _aF60
100 1 _aSouza Filho, M. de S.M. de
100 1 _aMaia, G.A.
100 1 _aHolanda, L.F.F. de
100 1 _aOria, H.F.
100 1 _aFigueiredo, R.W. de
245 1 _aCaracteristicas quimicas e fisico-quimicas da amendoa e casca da castanha de diferentes clones de cajueiro anao (Anacardium occidentale L.)
246 1 _a[Chemical and physicochemical characteristics on the shell and in the nut of different dwarf cashew clones!
650 _aCAJU
650 _aCASTANHA DE CAJU
650 _aAMENDOA
650 _aPROPRIEDADE FISICO-QUIMICA
650 _aCLONE
773 0 _tBoletim do Centro de Pesquisa e Processamento de Alimentos (Brazil)
_xISSN 0102-0323
_g(Jul-Dec 1991), v. 9(2) p. 163-169
_wBR9201609
909 _a202311
_bLúcia
_c55
_dLúcia Elande
942 _2AGRIS
_n0
_cANA
999 _c131620
_d131620